Fox Pro 2.5 Made Simple for DOS as Windows (Record no. 1605)

MARC details
000 -LEADER
fixed length control field 00362nam a2200145Ia 4500
008 - FIXED-LENGTH DATA ELEMENTS--GENERAL INFORMATION
fixed length control field 191201s2005 xx 000 0 und d
082 ## - DEWEY DECIMAL CLASSIFICATION NUMBER
Classification number 005.7565
Item number TAF
100 ## - MAIN ENTRY--PERSONAL NAME
Personal name TAXALI, R K
245 #0 - TITLE STATEMENT
Title Fox Pro 2.5 Made Simple for DOS as Windows
250 ## - EDITION STATEMENT
Edition statement 1st
260 ## - PUBLICATION, DISTRIBUTION, ETC. (IMPRINT)
Place of publication, distribution, etc N.Delhi
Name of publisher, distributor, etc BPB Publication
Date of publication, distribution, etc 2005
300 ## - PHYSICAL DESCRIPTION
Extent 592
650 ## - SUBJECT ADDED ENTRY--TOPICAL TERM
Topical term or geographic name as entry element B.Tech(CSE)
942 ## - ADDED ENTRY ELEMENTS (KOHA)
Source of classification or shelving scheme Dewey Decimal Classification
Koha item type Text Books
Holdings
Withdrawn status Lost status Source of classification or shelving scheme Damaged status Not for loan Collection code Home library Current library Date acquired Source of acquisition Cost, normal purchase price Bill Number Total Checkouts Full call number Acc. no. / Barcode Date last seen Bill Date Koha item type
    Dewey Decimal Classification     B.Tech(CSE) PIET C-LIBRARY PIET C-LIBRARY 18/08/2006 M/s UDH , Delhi 270.00 125382   005.7565 TAF 2757 04/12/2019 23/08/2005 Text Books
    Dewey Decimal Classification     B.Tech(CSE) PIET C-LIBRARY PIET C-LIBRARY 18/08/2006 M/s UDH , Delhi 270.00 125382   005.7565 TAF 2758 04/12/2019 23/08/2005 Text Books
    Dewey Decimal Classification     B.Tech(CSE) PIET C-LIBRARY PIET C-LIBRARY 18/08/2006 M/s UDH , Delhi 270.00 125382   005.7565 TAF 2759 04/12/2019 23/08/2005 Reference Books

Design & Developed by: PIET Central Library
R70 Miles Stone Pattikalyana Samalkha Panipat 132102
mail ID :- [email protected], Phone No:- 0180-2569700 Ex.216